Nennen Sie die Verben, die mit einem O beginnen - Statistiken

Allgemein
  • Dieses Quiz wurde 194 mal gespielt
  • Das Durchschnittsergebnis liegt bei 10 aus 41
Antwortstatistiken
Antwort % Korrekt
öffnen
66%
ordnen
61%
organisieren
61%
orten
54%
onanieren
49%
ölen
46%
opfern
46%
operieren
44%
orgeln
44%
offerieren
38%
orientieren
37%
ordern
31%
offenbaren
30%
offenlegen
28%
obliegen
27%
observieren
24%
oszillieren
23%
obsiegen
22%
obduzieren
21%
offenstehen
20%
okkupieren
20%
oxidieren
20%
optimieren
18%
ondulieren
17%
offenhalten
16%
obwalten
14%
ohrfeigen
14%
orakeln
14%
ornamentieren
13%
offenlassen
9%
orchestrieren
7%
outen
4%
objektivieren
3%
offenbleiben
3%
ordinieren
3%
ochsen
2%
okulieren
1%
opponieren
1%
oktroyieren
0%
optieren
0%
oxydieren
0%
Keine übereinstimmenden Quizze gefunden
Verteilung der Resultate
Anzahl Personen mit jedem Resultat
Perzentil nach korrekt beantworteten Fragen
Ihre Resultats-Entwicklung
Sie haben dieses Quiz noch nicht gespielt